Normal view
MARC view
Entry Personal Name
001 - CONTROL NUMBER
- control field: 344
003 - CONTROL NUMBER IDENTIFIER
- control field: csc
005 - DATE AND TIME OF LATEST TRANSACTION
- control field: 20140507162049.0
008 - FIXED-LENGTH DATA ELEMENTS
- fixed length control field: 110324|||a|||||| | ||| d
040 ## - CATALOGING SOURCE
- Original cataloging agency: csc
- Transcribing agency: csc
100 ## - HEADING--PERSONAL NAME
- Personal name: Handel, George Frideric,
- Dates associated with a name: 1685-1759.
- Title of a work: Giulio Cesare.
- Name of part/section of a work: Da tempeste il legno infranto.
670 ## - SOURCE DATA FOUND
- Source citation: Work cat.: (csc)0: Handel, George Frideric, 1685-1759. 607, Handel arias, p2007.